Tout ça c'est du chinois - Mort subite - Statistiques

Statistiques générales
  • Ce quiz a été pris 1 466 fois
  • Le résultat moyen est 5 sur 14
Answers on the Grid
Answers color-coded by a green-red scale on the quiz's grid according to % correct below.
 
Statistiques - réponses
Réponse % Correct
Xi Jinping
68%
Mao Zedong
59%
Jackie Chan
57%
Confucius
49%
Bruce Lee
45%
Jack Ma
38%
Tchang Tchong-Jen
34%
Bun Hay Mean (Chinois Marrant)
33%
Cho Chang
24%
Marinette Dupain-Cheng
17%
Tchang Kaï-chek
16%
Deng Xiaoping
16%
Amy Wong
16%
Ang Lee
11%
Aucun quiz correspondant
Distribution des résultats
% des personnes avec chaque résultat
Percentile par nombre de réponses
Votre historique - résultats
Vous n’avez pas pris ce quiz